000 00967nam a2200277Ia 4500
003 OSt
005 20220918112009.0
006 a|||||r|||| 00| 0
007 ta
008 220915b |||||||| |||| 00| 0 ben d
024 _a213683
037 _cTextbook
040 _bben
_aARTS
_cARTS
041 _aben
082 _aO157,3N31,2, 152L5
100 _aभट्टाचार्य, निमाई;
_911613
245 0 _aडिप्लोमैट
246 _aḌiplomaiṭa
260 _aइलाहाबाद
_bलोकभारती प्रका0
_c1975
300 _a208पृ0
_ccm.
650 _aबंगाली साहित्य
700 _aजैन, पुष्पा, अनु.
942 _hO157,3N31,2, 152L5
_cTB
_2CC
999 _c117784
_d117784